<?xml version="1.0" encoding="UTF-8"?>
<collection xmlns="http://www.loc.gov/MARC21/slim">
 <record>
  <leader>00721pamaa2200181   4500</leader>
  <controlfield tag="001">0000045287</controlfield>
  <controlfield tag="005">20090706090000.0</controlfield>
  <controlfield tag="008">090612                             eng  </controlfield>
  <datafield tag="020" ind1="0" ind2="0">
   <subfield code="a">9780743229302 / 0743229304 (pbk.) </subfield>
  </datafield>
  <datafield tag="090" ind1="0" ind2="0">
   <subfield code="a">D770 </subfield>
   <subfield code="b">WHI 2007</subfield>
  </datafield>
  <datafield tag="100" ind1="1" ind2="0">
   <subfield code="a">White </subfield>
  </datafield>
  <datafield tag="245" ind1="1" ind2="0">
   <subfield code="a">Bitter ocean : </subfield>
   <subfield code="b">the Battle of the Atlantic, 1939-1945  </subfield>
   <subfield code="c">David Fairbank White.</subfield>
  </datafield>
  <datafield tag="260" ind1="0" ind2="0">
   <subfield code="a">New York: </subfield>
   <subfield code="b">Simon &amp; Schuster, </subfield>
   <subfield code="c">2007.</subfield>
  </datafield>
  <datafield tag="300" ind1=" " ind2=" ">
   <subfield code="a">350 p., [16] p. of plates: </subfield>
   <subfield code="b">ill., ports, maps; </subfield>
   <subfield code="c">25  cm.</subfield>
  </datafield>
  <datafield tag="504" ind1="0" ind2="0">
   <subfield code="a">Includes bibliographical references (p. 319-327) and index</subfield>
  </datafield>
  <datafield tag="650" ind1="0" ind2="0">
   <subfield code="a">World War, 1939-1945 -- </subfield>
   <subfield code="x">Campaigns -- </subfield>
   <subfield code="x">Atlantic Ocean </subfield>
  </datafield>
  <datafield tag="650" ind1="0" ind2="0">
   <subfield code="a">Naval convoys -- </subfield>
   <subfield code="x">Atlantic Ocean -- </subfield>
   <subfield code="x">History </subfield>
  </datafield>
  <datafield tag="901" ind1=" " ind2=" ">
   <subfield code="u">http://www.simonandschuster.com</subfield>
  </datafield>
 </record>
</collection>
